20 éves a Collegium Artium. A filmklubmozgalom két évtizede. Ünnepi hangverseny

Elmentve itt :
Bibliográfiai részletek
Dokumentumtípus: Cikk
Megjelent: 1977-09-28
Sorozat:Délmagyarország 67 No. 228
Online Access:http://dmarchiv.bibl.u-szeged.hu/89514
LEADER 00422nab a2200133 i 4500
001 delm89514
005 20190617112109.0
008 190528s1977 hu o 0|| hun d
040 |a SZTE Délmagyarország Archívum  |b hun 
041 |a hun 
245 0 0 |a 20 éves a Collegium Artium. A filmklubmozgalom két évtizede. Ünnepi hangverseny  |h [elektronikus dokumentum] 
260 |c 1977-09-28 
300 |a 5 
490 0 |a Délmagyarország  |v 67 No. 228